Acquisition Procedures : (Record no. 6653)

MARC details
000 -LEADER
fixed length control field 00567nam a22001817a 4500
003 - CONTROL NUMBER IDENTIFIER
control field OSt
005 - DATE AND TIME OF LATEST TRANSACTION
control field 20251201130807.0
008 - FIXED-LENGTH DATA ELEMENTS--GENERAL INFORMATION
fixed length control field 251201b |||||||| |||| 00| 0 eng d
020 ## - INTERNATIONAL STANDARD BOOK NUMBER
International Standard Book Number 978-93-8631-435-2
040 ## - CATALOGING SOURCE
Original cataloging agency DWCL - Main
Transcribing agency OC
082 ## - DEWEY DECIMAL CLASSIFICATION NUMBER
Classification number Prof. 025.2 A1119 2017
100 ## - MAIN ENTRY--PERSONAL NAME
Personal name Aashi, Malviya
245 ## - TITLE STATEMENT
Title Acquisition Procedures :
Remainder of title Books and Non-Book Material /
Statement of responsibility, etc. Malviya Aashi
260 ## - PUBLICATION, DISTRIBUTION, ETC.
Place of publication, distribution, etc. New Delhi, India;
Name of publisher, distributor, etc. Random Publications,
Date of publication, distribution, etc. c2017
300 ## - PHYSICAL DESCRIPTION
Extent 318 pages;
Dimensions 23cm.
504 ## - BIBLIOGRAPHY, ETC. NOTE
Bibliography, etc. note Includes bibliographical references and index.
942 ## - ADDED ENTRY ELEMENTS (KOHA)
Source of classification or shelving scheme Dewey Decimal Classification
Koha item type Professional Collections
Suppress in OPAC No
952 ## - LOCATION AND ITEM INFORMATION (KOHA)
--
Holdings
Withdrawn status Lost status Source of classification or shelving scheme Damaged status Not for loan Home library Current library Date acquired Source of acquisition Cost, normal purchase price Total Checkouts Full call number Barcode Date last seen Copy number Cost, replacement price Price effective from Koha item type Uniform Resource Identifier
    Dewey Decimal Classification     Junior High School Library Junior High School Library 03/09/2023 Library Fund 699.00   Prof. 025.2 A1119 2017 JHS - 21053 12/01/2025 c1 699.00 12/01/2025 PROF.